Fill in the blank - Movies Quiz Stats

 Plays Quiz not verified by Sporcle

Score 0/20 Timer 07:00
0 Plays Today
Movie Missing Word % Correct
_____ with the WindGone
93.2%
Some Like It ____Hot
91.9%
Where the _____ Things AreWild
91.9%
Meet ____ BlackJoe
91.2%
Casino ______Royale
91.2%
The __________ of Narnia: The Lion , The Witch and The WardrobeChronicles
88.5%
The Golden _______Compass
76.4%
Mighty Joe ______Young
75.7%
________ HillSilent
74.3%
Last ______ HeroAction
73%
Movie Missing Word % Correct
Erin _________Brockovich
70.3%
Primal ______Fear
67.6%
_____ the WildInto
66.2%
Christmas with the _______Kranks
66.2%
The _________ of Emily RoseExorcism
62.8%
Mad _____Max
50.7%
____ BravoRio
50%
______ Ninjas3
47.3%
Y tu Mama ________Tambien
39.9%
_____ Day OutBabys
39.2%

You're not logged in!

Compare scores with friends on all Sporcle quizzes.
OR
Log In

Show Comments

Extras

Created Feb 27, 2012ReportNominate
Tags:Movie Titles Quiz, blank, item

Top Quizzes Today


Score Distribution

Your Account Isn't Verified!

In order to create a playlist on Sporcle, you need to verify the email address you used during registration. Go to your Sporcle Settings to finish the process.

Report this User

Report this user for behavior that violates our Community Guidelines.

Details: